Robbins & Cotran Pathologic Basis of Disease / (Record no. 248868)

MARC details
000 -LEADER
fixed length control field 01070cam a22003254a 4500
003 - CONTROL NUMBER IDENTIFIER
control field OSt
008 - FIXED-LENGTH DATA ELEMENTS--GENERAL INFORMATION
fixed length control field 080220s2010 paua b 001 0 eng
010 ## - LIBRARY OF CONGRESS CONTROL NUMBER
LC control number 2008007812
020 ## - INTERNATIONAL STANDARD BOOK NUMBER
International Standard Book Number 978131262115
020 ## - INTERNATIONAL STANDARD BOOK NUMBER
International Standard Book Number 9780808924029 (International ed.)
020 ## - INTERNATIONAL STANDARD BOOK NUMBER
International Standard Book Number 0808924028 (International ed.)
020 ## - INTERNATIONAL STANDARD BOOK NUMBER
International Standard Book Number 9781437707922 (Professional ed.)
020 ## - INTERNATIONAL STANDARD BOOK NUMBER
International Standard Book Number 1437707920 (Professional ed.)
035 ## - SYSTEM CONTROL NUMBER
System control number (OCoLC)ocn212375916
082 00 - DEWEY DECIMAL CLASSIFICATION NUMBER
Classification number 616.07
245 00 - TITLE STATEMENT
Title Robbins & Cotran Pathologic Basis of Disease /
Statement of responsibility, etc Vinay Kumar , Abul K Abbas, and Joc C Aster
250 ## - EDITION STATEMENT
Edition statement 10th ed. /
260 ## - PUBLICATION, DISTRIBUTION, ETC. (IMPRINT)
Place of publication, distribution, etc Rochester, New York
Name of publisher, distributor, etc Saunders/Elsevier,
Date of publication, distribution, etc 2021
700 1# - ADDED ENTRY--PERSONAL NAME
Personal name Robbins, Stanley L.
700 1# - ADDED ENTRY--PERSONAL NAME
Personal name Kumar, Vinay,
700 1# - ADDED ENTRY--PERSONAL NAME
Personal name Cotran, Ramzi S.,
942 ## - ADDED ENTRY ELEMENTS (KOHA)
Item type Books
Source of classification or shelving scheme Dewey Decimal Classification
246 30 - VARYING FORM OF TITLE
Title proper/short title Pathologic basis of disease
651 ## - SUBJECT ADDED ENTRY--GEOGRAPHIC NAME
Form subdivision Physiotherapy
General subdivision Pathology
906 ## - LOCAL DATA ELEMENT F, LDF (RLIN)
a 7
b cbc
c orignew
d 1
e ecip
f 20
g y-gencatlg
Holdings
Withdrawn status Lost status Damaged status Permanent location Current location Shelving location Date acquired Source of acquisition Cost, normal purchase price Full call number Barcode Date last seen Koha item type
      CENTRAL LIBRARY, NOORUL ISLAM CENTRE FOR HIGHER EDUCATION CENTRAL LIBRARY, NOORUL ISLAM CENTRE FOR HIGHER EDUCATION General stacks 05/02/2025 7-04-2025 1838.00 616.07 R1 83580 05/02/2025 Books
      CENTRAL LIBRARY, NOORUL ISLAM CENTRE FOR HIGHER EDUCATION CENTRAL LIBRARY, NOORUL ISLAM CENTRE FOR HIGHER EDUCATION General stacks 05/02/2025 7-04-2025 1838.00 616.07 R1 83581 05/02/2025 Books
Visitors:
Copyright © 2024 Central Library NICHE.  All rights reserved.